Ethanol tolerance is influenced by central vasopressin receptors

Elmentve itt :
Bibliográfiai részletek
Szerzők: Szabó Gyula
Tabakoff B.
Hoffman P. L.
Dokumentumtípus: Könyv része
Megjelent: Walter de Gruyter GmbH & Co KG Berlin 1988
Sorozat:Peptides : Chemistry, biology, interactions with proteins: Proceedings of the 50th Anniversary Symposium of the Nobel-Prize of Albert Szent-Györgyi
Tárgyszavak:
mtmt:1230904
Online Access:http://publicatio.bibl.u-szeged.hu/32912
LEADER 00910naa a2200229 i 4500
001 publ32912
005 20250507084439.0
008 250507s1988 hu o 000 eng d
020 |a 9783110115468; 9780899254302 
024 7 |a 1230904  |2 mtmt 
040 |a SZTE Publicatio Repozitórium  |b hun 
041 |a eng 
100 1 |a Szabó Gyula 
245 1 0 |a Ethanol tolerance is influenced by central vasopressin receptors  |h [elektronikus dokumentum] /  |c  Szabó Gyula 
260 |a Walter de Gruyter GmbH & Co KG  |b Berlin  |c 1988 
300 |a 3 
300 |a 293-295 
490 0 |a Peptides : Chemistry, biology, interactions with proteins: Proceedings of the 50th Anniversary Symposium of the Nobel-Prize of Albert Szent-Györgyi 
650 4 |a Általános orvostudomány 
700 0 1 |a Tabakoff B.  |e aut 
700 0 1 |a Hoffman P. L.  |e aut 
856 4 0 |u http://publicatio.bibl.u-szeged.hu/32912/1/aok_klny_622_88.pdf  |z Dokumentum-elérés